[Event "Titled Tuesday intern op 16th Jan Early"]
[Site "Chess.com INT"]
[Date "2024.01.16"]
[Round "11"]
[White "Mizzi, Jack"]
[Black "Franchini, Gabriele"]
[Result "1-0"]
[WhiteElo "2043"]
[BlackElo "2173"]
[PlyCount "81"]
[EventDate "2024.01.16"]
[EventType "swiss (blitz)"]
[EventRounds "11"]
[EventCountry "USA"]
[SourceTitle "CB04_2024"]
[SourceDate "2023.10.16"]
[SourceVersion "1"]
[SourceVersionDate "2023.10.16"]
[SourceQuality "1"]

1. d4 d5 2. c4 e6 3. Nf3 Nf6 4. g3 Bb4+ 5. Nbd2 dxc4 6. Bg2 0-0 7. 0-0 b5 8. Ne1 Nd5 9. a4 c6 10. e4 Nf6 11. Nc2 Be7 12. e5 Nd5 13. Ne4 Nd7 14. Ne3 Nxe3 15. Bxe3 Nb6 16. Qh5 Nd5 17. Bg5 h6 18. Bxh6 gxh6 19. Qxh6 f5 20. Qg6+ Kh8 21. axb5 cxb5 22. h4 Bd7 23. Ng5 Bxg5 24. hxg5 Qe7 25. Bxd5 exd5 26. Kg2 Qg7 27. Qh5+ Kg8 28. Ra6 Be8 29. g6 Rb8 30. Rh1 Rb7 31. Qf3 Rd7 32. Rh7 Bxg6 33. Rxg7+ Kxg7 34. e6 Re7 35. Qf4 b4 36. Qe5+ Kg8 37. Qxd5 f4 38. Qxc4 Be4+ 39. f3 fxg3 40. fxe4 Rh7 41. e7+ 1-0

[Event "Titled Tuesday intern op 09th Jan Early"]
[Site "Chess.com INT"]
[Date "2024.01.09"]
[Round "5"]
[White "Bashirli, Saadat"]
[Black "Franchini, Gabriele"]
[Result "1-0"]
[WhiteElo "1608"]
[BlackElo "2173"]
[PlyCount "137"]
[EventDate "2024.01.09"]
[EventType "swiss (blitz)"]
[EventRounds "11"]
[EventCountry "USA"]
[SourceTitle "CB03_2024"]
[SourceDate "2024.01.17"]
[SourceVersion "1"]
[SourceVersionDate "2024.01.17"]
[SourceQuality "1"]

1. e4 e6 2. d4 d5 3. Nc3 Nf6 4. Bg5 Be7 5. e5 Nfd7 6. Bxe7 Qxe7 7. Nb5 Nb6 8. c3 a6 9. Na3 c5 10. Nc2 Nc6 11. Bd3 Bd7 12. Nf3 h6 13. 0-0 c4 14. Be2 g5 15. b3 Na5 16. bxc4 Naxc4 17. Rb1 Ba4 18. Qc1 Bxc2 19. Qxc2 Na3 20. Qb3 Nxb1 21. Rxb1 Nc4 22. Bxc4 dxc4 23. Qxc4 0-0 24. Nd2 b5 25. Qd3 Rac8 26. Ne4 f5 27. exf6 Qh7 28. Re1 Kh8 29. Qh3 b4 30. Nd6 Rxc3 31. Qxe6 Rc2 32. f7 Rc6 33. Qe8 Rc8 34. Nxc8 Qxf7 35. Qxf7 Rxf7 36. Nd6 Rc7 37. g3 Rc2 38. Rb1 a5 39. Nb7 Rxa2 40. d5 Kg7 41. d6 Rd2 42. Nxa5 Rxd6 43. Rxb4 Rd1+ 44. Kg2 Rd6 45. Rb7+ Kg6 46. Rc7 Rd5 47. Rc6+ Kg7 48. Nc4 Rd4 49. Ne3 Rd2 50. Nf5+ Kg8 51. Nxh6+ Kh7 52. Nf5 g4 53. Rh6+ Kg8 54. Rg6+ Kf8 55. Rxg4 Rd5 56. Rf4 Ke8 57. Ne3 Ra5 58. h4 Ra7 59. h5 Rh7 60. g4 Rh6 61. Rf5 Rh8 62. Kg3 Rg8 63. Kh4 Rh8 64. g5 Rg8 65. h6 Rh8 66. Kh5 Ke7 67. g6 Ke8 68. g7 Rg8 69. h7 1-0

[Event "Titled Tuesday intern op 19th Dec Early"]
[Site "Chess.com INT"]
[Date "2023.12.19"]
[Round "6"]
[White "Franchini, Gabriele"]
[Black "Dwilewicz, Katarzyna"]
[Result "1-0"]
[WhiteElo "2173"]
[BlackElo "2112"]
[PlyCount "101"]
[EventDate "2023.12.19"]
[EventType "swiss (blitz)"]
[EventRounds "11"]
[EventCountry "USA"]
[SourceTitle "CB52_2023"]
[SourceDate "2023.12.27"]
[SourceVersion "1"]
[SourceVersionDate "2023.12.27"]
[SourceQuality "1"]

1. e4 c5 2. Nc3 Nc6 3. Bb5 g6 4. Bxc6 bxc6 5. f4 Bg7 6. Nf3 d6 7. d3 Nf6 8. h3 Rb8 9. 0-0 0-0 10. Qe1 e6 11. Qh4 Nh5 12. Qf2 f5 13. e5 d5 14. Qxc5 Qb6 15. Qxb6 axb6 16. d4 Ng3 17. Rd1 c5 18. Be3 Ne4 19. Nxe4 fxe4 20. Nh2 cxd4 21. Rxd4 Ba6 22. g3 Rfc8 23. Rd2 Rc6 24. Bd4 Rbc8 25. c3 Bd3 26. Nf1 h6 27. Ne3 Kf7 28. Kf2 Ke7 29. a4 Rf8 30. Kg2 Ra8 31. b4 b5 32. a5 Kd7 33. Nd1 Rca6 34. Nb2 Bc4 35. Nxc4 bxc4 36. Kf2 Kc6 37. Ke3 Kb5 38. g4 Rf8 39. Rf1 Raa8 40. Rdf2 h5 41. f5 Bh6+ 42. Ke2 exf5 43. gxf5 gxf5 44. Rxf5 Rxf5 45. Rxf5 Rg8 46. Rxh5 Bc1 47. e6 Kc6 48. e7 Kd6 49. Bc5+ Kd7 50. Rxd5+ Ke6 51. Rd8 1-0

[Event "Titled Tuesday intern op 19th Dec Early"]
[Site "Chess.com INT"]
[Date "2023.12.19"]
[Round "5"]
[White "Franchini, Gabriele"]
[Black "Kovalyov, Eduard"]
[Result "0-1"]
[WhiteElo "2173"]
[BlackElo "2301"]
[PlyCount "76"]
[EventDate "2023.12.19"]
[EventType "swiss (blitz)"]
[EventRounds "11"]
[EventCountry "USA"]
[SourceTitle "CB52_2023"]
[SourceDate "2023.12.27"]
[SourceVersion "1"]
[SourceVersionDate "2023.12.27"]
[SourceQuality "1"]

1. e4 e5 2. Nf3 Nf6 3. Nc3 Nc6 4. a3 Bd6 5. d4 0-0 6. d5 Ne7 7. Be3 Ng6 8. h4 h5 9. Bg5 Bc5 10. Na4 Be7 11. c4 d6 12. Nc3 Ng4 13. Qd2 f6 14. Be3 Nxe3 15. fxe3 f5 16. 0-0-0 f4 17. Be2 Bg4 18. Kb1 a5 19. Rdf1 b6 20. Nd1 Qd7 21. Ng5 Bxg5 22. hxg5 Qe7 23. Bxg4 hxg4 24. Rh5 fxe3 25. Nxe3 Nf4 26. Rh4 Qxg5 27. Rxg4 Qh5 28. Qd1 Qh7 29. Rh1 Qxe4+ 30. Ka1 Qxe3 31. Rxg7+ Kxg7 32. Qg4+ Ng6 33. Qd7+ Rf7 34. Rh7+ Kxh7 35. Qxf7+ Kh6 36. Qxc7 Rf8 37. Qxd6 Qc1+ 38. Ka2 Qxc4+ 0-1

[Event "Titled Tuesday intern op 19th Dec Early"]
[Site "Chess.com INT"]
[Date "2023.12.19"]
[Round "7"]
[White "Rogov, Matfey"]
[Black "Franchini, Gabriele"]
[Result "1-0"]
[WhiteElo "2213"]
[BlackElo "2173"]
[PlyCount "69"]
[EventDate "2023.12.19"]
[EventType "swiss (blitz)"]
[EventRounds "11"]
[EventCountry "USA"]
[SourceTitle "CB52_2023"]
[SourceDate "2023.12.27"]
[SourceVersion "1"]
[SourceVersionDate "2023.12.27"]
[SourceQuality "1"]

1. Nc3 d5 2. d4 e6 3. e4 Nf6 4. e5 Nfd7 5. f4 c5 6. Nf3 Nc6 7. Be3 cxd4 8. Nxd4 Bc5 9. Qd2 0-0 10. 0-0-0 a6 11. h4 Nxd4 12. Bxd4 b5 13. Kb1 b4 14. Ne2 a5 15. Qe3 Bxd4 16. Nxd4 Qb6 17. h5 a4 18. g4 Ba6 19. f5 b3 20. cxb3 axb3 21. a3 Qc7 22. Bxa6 Rxa6 23. Rde1 Rfa8 24. f6 gxf6 25. exf6 Kh8 26. g5 Rxa3 27. bxa3 Rxa3 28. Rc1 Ra1+ 29. Kb2 Ra2+ 30. Kxb3 Ra3+ 31. Kxa3 Qa5+ 32. Kb2 Qb4+ 33. Ka2 Nb6 34. Qa3 Qxd4 35. Qf8# 1-0

[Event "Titled Tuesday intern op 12th Dec Early"]
[Site "Chess.com INT"]
[Date "2023.12.12"]
[Round "3"]
[White "Franchini, Gabriele"]
[Black "Baches Garcia, Guillermo"]
[Result "1-0"]
[WhiteElo "2173"]
[BlackElo "2327"]
[PlyCount "79"]
[EventDate "2023.12.12"]
[EventType "swiss (blitz)"]
[EventRounds "11"]
[EventCountry "USA"]
[SourceTitle "CB51_2023"]
[SourceDate "2023.12.20"]
[SourceVersion "1"]
[SourceVersionDate "2023.12.20"]
[SourceQuality "1"]

1. e4 d5 2. exd5 Qxd5 3. Nf3 Bg4 4. Be2 Nc6 5. h3 Bh5 6. d4 0-0-0 7. c4 Qd7 8. d5 Bxf3 9. Bxf3 Ne5 10. 0-0 e6 11. Bf4 Nxf3+ 12. Qxf3 exd5 13. Nc3 Nf6 14. Nb5 Bd6 15. Bxd6 cxd6 16. Nxa7+ Kb8 17. Nb5 dxc4 18. a4 Qc6 19. Qf4 Rhe8 20. Rfc1 Re4 21. Qg3 Nh5 22. Qc3 Qc5 23. Qa5 Rde8 24. b4 Qd5 25. Qc7+ Ka8 26. Qa5+ Kb8 27. Qc7+ Ka8 28. Nxd6 R8e7 29. Qd8+ Ka7 30. Rd1 Qc6 31. b5 Qc5 32. Nxe4 Rxe4 33. Qa5+ Kb8 34. Rd8+ Qc8 35. Rxc8+ Kxc8 36. Rc1 Re8 37. Qa8+ Kd7 38. Rd1+ Ke7 39. Re1+ Kf8 40. Qxe8# 1-0

[Event "Titled Tuesday intern op 12th Dec Early"]
[Site "Chess.com INT"]
[Date "2023.12.12"]
[Round "8"]
[White "Franchini, Gabriele"]
[Black "Lohani, Sujana"]
[Result "0-1"]
[WhiteElo "2173"]
[BlackElo "1756"]
[PlyCount "114"]
[EventDate "2023.12.12"]
[EventType "swiss (blitz)"]
[EventRounds "11"]
[EventCountry "USA"]
[SourceTitle "CB51_2023"]
[SourceDate "2023.12.20"]
[SourceVersion "1"]
[SourceVersionDate "2023.12.20"]
[SourceQuality "1"]

1. e4 c6 2. d4 d5 3. exd5 cxd5 4. Bd3 Nc6 5. c3 Nf6 6. Bf4 g6 7. Nf3 Bf5 8. Ne5 Bxd3 9. Nxd3 Bg7 10. 0-0 0-0 11. Nd2 Re8 12. Re1 a6 13. Qe2 b5 14. Nb3 Ne4 15. f3 Nd6 16. Bxd6 exd6 17. Qxe8+ Qxe8 18. Rxe8+ Rxe8 19. Kf2 g5 20. Re1 Rxe1 21. Kxe1 Kf8 22. g4 Ke7 23. Nb4 Nxb4 24. cxb4 Ke6 25. Ke2 f5 26. Kd3 fxg4 27. fxg4 h6 28. Na1 Bf6 29. Nc2 Bd8 30. Ne3 a5 31. bxa5 Bxa5 32. Nf5 h5 33. h3 hxg4 34. hxg4 Bb6 35. Ne3 b4 36. Nf5 Ba5 37. Kc2 Bb6 38. Kb3 Bxd4 39. Nxd4+ Ke5 40. Ne2 Ke4 41. Kxb4 Ke3 42. Ng3 Kf4 43. Nf5 Kxg4 44. Nxd6 Kf4 45. Kc3 g4 46. Kd2 g3 47. Ke2 d4 48. a4 d3+ 49. Kf1 d2 50. Ke2 g2 51. a5 d1Q+ 52. Kxd1 g1Q+ 53. Kc2 Qc5+ 54. Kb3 Qxd6 55. Kc4 Qc6+ 56. Kb4 Ke4 57. b3 Kd4 0-1

[Event "Titled Tuesday intern op 12th Dec Early"]
[Site "Chess.com INT"]
[Date "2023.12.12"]
[Round "2"]
[White "Korchynskyi, Mykola"]
[Black "Franchini, Gabriele"]
[Result "1-0"]
[WhiteElo "2196"]
[BlackElo "2173"]
[PlyCount "83"]
[EventDate "2023.12.12"]
[EventType "swiss (blitz)"]
[EventRounds "11"]
[EventCountry "USA"]
[SourceTitle "CB51_2023"]
[SourceDate "2023.12.20"]
[SourceVersion "1"]
[SourceVersionDate "2023.12.20"]
[SourceQuality "1"]

1. d4 d5 2. c4 e6 3. Nc3 Nf6 4. cxd5 exd5 5. Nf3 c6 6. Bf4 Bd6 7. Bg3 0-0 8. e3 Re8 9. Bd3 Bg4 10. 0-0 Bxg3 11. hxg3 Ne4 12. Qc2 Bf5 13. Nh4 g6 14. Nxf5 gxf5 15. Ne2 Qg5 16. Nf4 Nd7 17. Kh2 Ndf6 18. Bxe4 Ng4+ 19. Kg1 fxe4 20. Qb3 Re7 21. a4 h5 22. a5 a6 23. Ra4 h4 24. Nh3 Qh6 25. gxh4 Qxh4 26. Rb4 Re6 27. Rxb7 Rg6 28. Rb8+ Rxb8 29. Qxb8+ Kg7 30. Qf4 Qh5 31. Kh1 f6 32. Rc1 Qh4 33. Rxc6 Rh6 34. Kg1 Kg6 35. Qb8 Rh8 36. Qf4 Rd8 37. Qc7 Rh8 38. Rxa6 Rh5 39. Ra7 Rh7 40. Nf4+ Kg5 41. Ne6+ Kg6 42. Qxh7+ 1-0

[Event "Titled Tuesday intern op 02nd Nov"]
[Site "Chess.com INT"]
[Date "2021.11.02"]
[Round "3"]
[White "Franchini, Gabriele"]
[Black "Calin, Alexandru"]
[Result "0-1"]
[WhiteElo "2178"]
[BlackElo "2123"]
[PlyCount "54"]
[EventDate "2021.11.02"]
[EventType "swiss (blitz)"]
[EventRounds "11"]
[EventCountry "USA"]
[SourceTitle "CBM 205 Extra"]
[Source "ChessBase"]
[SourceDate "2022.01.31"]
[SourceVersion "1"]
[SourceVersionDate "2022.01.31"]
[SourceQuality "1"]

1. e4 d6 2. d4 Nf6 3. Nc3 Nbd7 4. f4 e5 5. Nf3 exd4 6. Nxd4 g6 7. Bc4 Bg7 8. 0-0 0-0 9. Bb3 Re8 10. Re1 Nc5 11. e5 dxe5 12. fxe5 Ng4 13. Bd5 c6 14. e6 cxd5 15. Qxg4 Nxe6 16. Nxe6 Bxe6 17. Qf3 Qb6+ 18. Kh1 Rac8 19. Bf4 Qxb2 20. Nxd5 Qxa1 21. Rxa1 Bxd5 22. Qxd5 Bxa1 23. h3 Rxc2 24. Qxb7 Rxa2 25. Bh6 Re1+ 26. Kh2 Be5+ 27. Bf4 Bxf4# 0-1

[Event "Titled Tuesday intern op 02nd Nov"]
[Site "Chess.com INT"]
[Date "2021.11.02"]
[Round "4"]
[White "Franchini, Gabriele"]
[Black "Omariev, Maksim"]
[Result "0-1"]
[WhiteElo "2178"]
[BlackElo "2304"]
[PlyCount "110"]
[EventDate "2021.11.02"]
[EventType "swiss (blitz)"]
[EventRounds "11"]
[EventCountry "USA"]
[SourceTitle "CBM 205 Extra"]
[Source "ChessBase"]
[SourceDate "2022.01.31"]
[SourceVersion "1"]
[SourceVersionDate "2022.01.31"]
[SourceQuality "1"]

1. c4 h5 2. d4 h4 3. Nc3 c6 4. e4 d6 5. Be3 e5 6. dxe5 dxe5 7. Qxd8+ Kxd8 8. Rd1+ Kc7 9. f4 Bg4 10. Be2 Bxe2 11. Kxe2 Nd7 12. Nf3 Re8 13. fxe5 Kc8 14. Bf4 Ne7 15. e6 fxe6 16. Ng5 Ng6 17. Be3 Bb4 18. Nf7 Rh5 19. a3 Bf8 20. b4 Kc7 21. c5 b6 22. Nd6 Rb8 23. cxb6+ axb6 24. Nc4 b5 25. Na5 c5 26. Rhf1 Nge5 27. Bf4 cxb4 28. axb4 Bxb4 29. Rxd7+ Kxd7 30. Rd1+ Ke8 31. Bxe5 Rxe5 32. Nc6 Bxc3 33. Nxb8 Rxe4+ 34. Kd3 Rd4+ 35. Kc2 Rxd1 36. Kxd1 Be5 37. h3 Bh2 38. Nc6 Bd6 39. Nd4 Kd7 40. Nxb5 Be5 41. Ke2 Kc6 42. Na3 Kd5 43. Kf3 g5 44. Nc2 Bf4 45. Nb4+ Kd4 46. Nc6+ Kd3 47. Ne7 e5 48. Ng6 e4+ 49. Kf2 e3+ 50. Ke1 Bg3+ 51. Kd1 e2+ 52. Kc1 e1Q+ 53. Kb2 Qb4+ 54. Ka2 Kc2 55. Ne5 Qb2# 0-1

[Event "Titled Tuesday intern op 02nd Nov"]
[Site "Chess.com INT"]
[Date "2021.11.02"]
[Round "9"]
[White "Magallanes, Rey Jomar"]
[Black "Franchini, Gabriele"]
[Result "0-1"]
[WhiteElo "2036"]
[BlackElo "2178"]
[PlyCount "116"]
[EventDate "2021.11.02"]
[EventType "swiss (blitz)"]
[EventRounds "11"]
[EventCountry "USA"]
[SourceTitle "CBM 205 Extra"]
[Source "ChessBase"]
[SourceDate "2022.01.31"]
[SourceVersion "1"]
[SourceVersionDate "2022.01.31"]
[SourceQuality "1"]

1. e4 e6 2. d4 d5 3. e5 c5 4. c3 Nc6 5. Nf3 Bd7 6. Be2 Nge7 7. 0-0 Ng6 8. Nbd2 Be7 9. a3 0-0 10. b4 cxd4 11. cxd4 f6 12. Nb3 fxe5 13. dxe5 Ncxe5 14. Nxe5 Nxe5 15. Bb2 Bf6 16. Nc5 b6 17. Nxd7 Qxd7 18. Rc1 Rac8 19. Rxc8 Rxc8 20. Qd2 Nc4 21. Bxc4 Rxc4 22. Bxf6 gxf6 23. f4 Qc6 24. f5 e5 25. Rf3 Rc1+ 26. Rf1 Rc2 27. Qe3 Qc3 28. Qh6 Qd2 29. Qh3 d4 30. Qg4+ Kh8 31. Qf3 Qe3+ 32. Qxe3 dxe3 33. Re1 Rc3 34. Re2 Rxa3 35. Kf1 Ra1+ 36. Re1 Rxe1+ 37. Kxe1 Kg7 38. Ke2 Kf7 39. Kxe3 Ke7 40. b5 Kd6 41. Ke4 Kc5 42. g4 h6 43. h4 Kd6 44. h5 Ke7 45. Kd5 Kf7 46. Kd6 e4 47. Kc7 e3 48. Kb7 e2 49. Kxa7 e1Q 50. Kxb6 Qe3+ 51. Ka6 Qe5 52. b6 Qb8 53. b7 Ke7 54. Kb6 Kd6 55. Ka5 Qxb7 56. g5 fxg5 57. Ka4 Kc5 58. f6 Qb4# 0-1

[Event "Titled Tuesday intern op 26th Oct"]
[Site "Chess.com INT"]
[Date "2021.10.26"]
[Round "7"]
[White "Franchini, Gabriele"]
[Black "Zaichenko, Daria"]
[Result "0-1"]
[WhiteElo "2178"]
[BlackElo "2104"]
[PlyCount "86"]
[EventDate "2021.10.26"]
[EventType "swiss (blitz)"]
[EventRounds "11"]
[EventCountry "USA"]
[SourceTitle "CBM 204 Extra"]
[Source "ChessBase"]
[SourceDate "2021.11.30"]
[SourceVersion "1"]
[SourceVersionDate "2021.11.30"]
[SourceQuality "1"]

1. c4 e6 2. g3 d5 3. Bg2 Be7 4. Nf3 Nf6 5. 0-0 0-0 6. d4 dxc4 7. Qc2 a6 8. Qxc4 Bd7 9. a4 b5 10. Qc2 Nc6 11. Ne5 Nxd4 12. Qc3 c5 13. Re1 Rc8 14. Bb7 Rb8 15. Bxa6 Qb6 16. axb5 Nxb5 17. Qf3 Nd4 18. Qc3 Nd5 19. Nxd7 Nxc3 20. Nxb6 Rxb6 21. Nxc3 Nc2 22. Be3 Nxe1 23. Rxe1 Rxa6 24. Ne4 Ra2 25. b3 Rb2 26. Bxc5 Bxc5 27. Nxc5 Rc8 28. Rc1 Rxe2 29. Kf1 Rb2 30. Rc3 g6 31. Kg2 Rd2 32. h4 Rd5 33. b4 Rd4 34. Rb3 Rc4 35. Kf3 Rb8 36. Na6 Rb6 37. b5 Ra4 38. Ke3 Kf8 39. Nc7 Ra7 40. Rc3 Ke7 41. Kd4 Kd6 42. Rc6+ Rxc6 43. bxc6 Kxc7 0-1

[Event "Titled Tuesday intern op 26th Oct"]
[Site "Chess.com INT"]
[Date "2021.10.26"]
[Round "6"]
[White "Pham, Le Thao Nguyen"]
[Black "Franchini, Gabriele"]
[Result "1-0"]
[WhiteElo "2369"]
[BlackElo "2178"]
[PlyCount "145"]
[EventDate "2021.10.26"]
[EventType "swiss (blitz)"]
[EventRounds "11"]
[EventCountry "USA"]
[SourceTitle "CBM 204 Extra"]
[Source "ChessBase"]
[SourceDate "2021.11.30"]
[SourceVersion "1"]
[SourceVersionDate "2021.11.30"]
[SourceQuality "1"]

1. d4 d5 2. c4 e6 3. Nc3 c6 4. cxd5 exd5 5. Bf4 Bd6 6. Bg3 Ne7 7. e3 0-0 8. Nf3 Bf5 9. Be2 Re8 10. a3 a5 11. Rc1 Bxg3 12. hxg3 Qd6 13. 0-0 Nd7 14. Na4 Nc8 15. Nc5 Qc7 16. Qb3 Nd6 17. a4 Qb6 18. Qa3 Qb4 19. Qxb4 axb4 20. Nxd7 Bxd7 21. b3 Ne4 22. Ne5 Re7 23. Nd3 f6 24. Nxb4 Nd2 25. Rc3 Nxf1 26. Bxf1 Bf5 27. Rc5 g5 28. Be2 Kg7 29. a5 Bg6 30. a6 Be8 31. axb7 Rxb7 32. Nxc6 Bxc6 33. Rxc6 Rxb3 34. Bf3 Ra1+ 35. Kh2 Rbb1 36. g4 Ra5 37. Rd6 Rbb5 38. Kg3 h6 39. Be2 Rb2 40. Bf3 Rbb5 41. Rd7+ Kg6 42. Be2 Rb3 43. Bd1 Rc3 44. Bf3 Ra2 45. Bxd5 Rd2 46. Be4+ f5 47. Bxf5+ Kf6 48. Rd6+ Ke7 49. Re6+ Kf7 50. Rxh6 Rc1 51. Be4 Re1 52. Rh5 Ree2 53. Rxg5 Rxf2 54. Rf5+ Rxf5 55. gxf5 Kf6 56. Kf4 Kf7 57. Bf3 Rf2 58. g4 Rd2 59. g5 Rf2 60. e4 Rf1 61. d5 Kf8 62. e5 Ke8 63. f6 Kf8 64. e6 Ke8 65. Ke4 Kf8 66. Bh5 Re1+ 67. Kf5 Rf1+ 68. Ke5 Re1+ 69. Kd6 Ra1 70. e7+ Kg8 71. e8Q+ Kh7 72. Qg6+ Kh8 73. Qg7# 1-0

[Event "Titled Tuesday intern op 17th Aug"]
[Site "Chess.com INT"]
[Date "2021.08.17"]
[Round "9"]
[White "Franchini, Gabriele"]
[Black "Donatti, Alvaro"]
[Result "1-0"]
[WhiteElo "2182"]
[BlackElo "2193"]
[PlyCount "81"]
[EventDate "2021.08.17"]
[EventType "swiss (blitz)"]
[EventRounds "11"]
[EventCountry "USA"]
[SourceTitle "EXT 2022"]
[Source "ChessBase"]
[SourceDate "2021.10.06"]
[SourceVersion "1"]
[SourceVersionDate "2021.10.06"]
[SourceQuality "1"]

1. e4 c5 2. Nf3 e6 3. d4 cxd4 4. Nxd4 Bc5 5. Nb3 Bb6 6. c4 Ne7 7. Nc3 0-0 8. Be2 a6 9. 0-0 Nbc6 10. Kh1 f5 11. f4 fxe4 12. Nxe4 d5 13. Ng5 h6 14. Nf3 Nf5 15. Qc2 Ne3 16. Bxe3 Bxe3 17. g3 d4 18. Rad1 Nb4 19. Qe4 Nxa2 20. Bd3 Qf6 21. Ne5 Qf5 22. Qf3 Qf6 23. Nc5 Nb4 24. Ncd7 Bxd7 25. Nxd7 Qe7 26. Nxf8 Nxd3 27. Rxd3 Rxf8 28. Qe4 e5 29. f5 Qc5 30. Qd5+ Qxd5+ 31. cxd5 Rd8 32. Re1 e4 33. Rb3 Rxd5 34. Rxb7 d3 35. Kg2 d2 36. Rd1 Bc5 37. g4 e3 38. Kf3 h5 39. h3 hxg4+ 40. hxg4 Rd4 41. Ke2 1-0

[Event "Titled Tuesday intern op 17th Aug"]
[Site "Chess.com INT"]
[Date "2021.08.17"]
[Round "6"]
[White "Franchini, Gabriele"]
[Black "Golizadeh, Asghar"]
[Result "1-0"]
[WhiteElo "2182"]
[BlackElo "2455"]
[PlyCount "113"]
[EventDate "2021.08.17"]
[EventType "swiss (blitz)"]
[EventRounds "11"]
[EventCountry "USA"]
[SourceTitle "EXT 2022"]
[Source "ChessBase"]
[SourceDate "2021.10.06"]
[SourceVersion "1"]
[SourceVersionDate "2021.10.06"]
[SourceQuality "1"]

1. e4 c5 2. Nf3 d6 3. d4 cxd4 4. Nxd4 Nf6 5. Nc3 a6 6. Bg5 Nbd7 7. Bc4 Qb6 8. Qd2 Qxb2 9. Rb1 Qa3 10. 0-0 Qc5 11. Be2 e6 12. Kh1 Be7 13. Be3 Qc7 14. f4 0-0 15. Bf3 Rb8 16. a4 b6 17. e5 dxe5 18. Nc6 Bc5 19. Nxb8 Bxe3 20. Qxe3 exf4 21. Qd4 Qxb8 22. Rfd1 Qc7 23. Rb2 h6 24. Rdb1 e5 25. Nd5 Nxd5 26. Qxd5 Nf6 27. Qc6 Qe7 28. Rxb6 e4 29. Be2 Bg4 30. Bxg4 Nxg4 31. Qd6 Qh4 32. h3 Nf2+ 33. Kg1 Qg3 34. Kf1 f3 35. Qxg3 e3 36. Qxf2 exf2 37. Kxf2 fxg2 38. Kxg2 Kh7 39. Rb8 Rxb8 40. Rxb8 g5 41. Ra8 Kg6 42. Rxa6+ Kh5 43. Kg3 f6 44. Rxf6 g4 45. hxg4+ Kg5 46. Rf5+ Kg6 47. a5 h5 48. Rxh5 Kf6 49. Rd5 Kg6 50. c4 Kf6 51. a6 Kg6 52. a7 Kg7 53. Rd6 Kf7 54. Rb6 Ke7 55. a8Q Kf7 56. Qa7+ Ke8 57. Rb8# 1-0

[Event "Titled Tuesday intern op 17th Aug"]
[Site "Chess.com INT"]
[Date "2021.08.17"]
[Round "11"]
[White "Franchini, Gabriele"]
[Black "Khodzhamkuliev, Bahadur"]
[Result "0-1"]
[WhiteElo "2182"]
[BlackElo "2167"]
[PlyCount "104"]
[EventDate "2021.08.17"]
[EventType "swiss (blitz)"]
[EventRounds "11"]
[EventCountry "USA"]
[SourceTitle "EXT 2022"]
[Source "ChessBase"]
[SourceDate "2021.10.06"]
[SourceVersion "1"]
[SourceVersionDate "2021.10.06"]
[SourceQuality "1"]

1. e4 Nc6 2. Nf3 d6 3. d4 Nf6 4. Nc3 g6 5. h3 Bg7 6. Be2 0-0 7. 0-0 e5 8. Be3 exd4 9. Nxd4 Bd7 10. Qd2 Re8 11. f3 Nh5 12. Nxc6 bxc6 13. Bg5 Bf6 14. Bxf6 Qxf6 15. f4 Ng3 16. Rf3 Nxe4 17. Nxe4 Rxe4 18. Bd3 Qxb2 19. Rd1 Re7 20. Qa5 Qb6+ 21. Qxb6 axb6 22. Bc4 Be6 23. Bb3 Bxb3 24. axb3 Ra2 25. Rc3 Re2 26. Rc1 c5 27. b4 h5 28. Kf1 Re4 29. bxc5 Rxf4+ 30. Ke2 bxc5 31. Ke3 Rb4 32. Kd3 Kg7 33. Re1 Rd4+ 34. Ke3 Rd5 35. Kf3 Rd2 36. Rc1 f5 37. g4 fxg4+ 38. hxg4 hxg4+ 39. Kxg4 Ra4+ 40. Kf3 Rd5 41. Rg1 Rf5+ 42. Ke2 Kf6 43. Rcg3 g5 44. Rh3 Rh4 45. Ra3 Rh2+ 46. Kd1 Rff2 47. Rc3 Rhg2 48. Rh1 g4 49. Rh6+ Ke5 50. Rh5+ Kd4 51. Rd3+ Kc4 52. Ra3 Rf1# 0-1

[Event "Titled Tuesday intern op 17th Aug"]
[Site "Chess.com INT"]
[Date "2021.08.17"]
[Round "5"]
[White "Franchini, Gabriele"]
[Black "Sultana, Sharmin Shirin"]
[Result "1-0"]
[WhiteElo "2182"]
[BlackElo "2011"]
[PlyCount "71"]
[EventDate "2021.08.17"]
[EventType "swiss (blitz)"]
[EventRounds "11"]
[EventCountry "USA"]
[SourceTitle "EXT 2022"]
[Source "ChessBase"]
[SourceDate "2021.10.06"]
[SourceVersion "1"]
[SourceVersionDate "2021.10.06"]
[SourceQuality "1"]

1. e4 c5 2. Nf3 e6 3. c4 Nc6 4. Nc3 a6 5. Be2 b6 6. d4 cxd4 7. Nxd4 Bb7 8. 0-0 Nf6 9. Nxc6 dxc6 10. e5 Nd7 11. f4 c5 12. Bf3 Qc7 13. Ne4 Rd8 14. Qe2 Nb8 15. Be3 Be7 16. Rad1 Nc6 17. g3 0-0 18. Qg2 Ba8 19. b3 Kh8 20. h4 Nd4 21. Bxd4 cxd4 22. Rd3 b5 23. Rc1 Qa5 24. Ng5 Bxf3 25. Nxf3 bxc4 26. Rxc4 Rc8 27. Kh2 Rxc4 28. bxc4 Qb4 29. Rxd4 Bc5 30. Rd7 Qxc4 31. Ng5 h6 32. Nxf7+ Kh7 33. Nd6 Qa4 34. Qe4+ Kg8 35. Qxa4 Bxd6 36. Rxd6 1-0

[Event "Budapest FS03 IM"]
[Site "Budapest"]
[Date "2021.03.10"]
[Round "5"]
[White "Urh, Zala"]
[Black "Franchini, Gabriele"]
[Result "1/2-1/2"]
[WhiteElo "2187"]
[BlackElo "2222"]
[PlyCount "105"]
[EventDate "2021.03.06"]
[EventType "tourn"]
[EventRounds "9"]
[EventCountry "HUN"]
[EventCategory "1"]
[SourceTitle "EXT 2022"]
[Source "ChessBase"]
[SourceDate "2021.10.06"]
[SourceVersion "1"]
[SourceVersionDate "2021.10.06"]
[SourceQuality "1"]

1. d4 Nf6 2. c4 c5 3. d5 b5 4. cxb5 a6 5. bxa6 Bxa6 6. Nc3 g6 7. e4 Bxf1 8. Kxf1 d6 9. g3 Bg7 10. Kg2 0-0 11. Nf3 Nbd7 12. a4 Ra6 13. Qc2 Qa8 14. Ra3 Rc8 15. Bd2 e6 16. dxe6 fxe6 17. Re1 c4 18. Ng5 d5 19. exd5 exd5 20. f3 Nc5 21. a5 Nd3 22. Re6 Rxe6 23. Nxe6 Qa7 24. Nd1 Re8 25. Nf4 Re1 26. Kh3 Qd7+ 27. g4 Nxg4 28. Qa4 Qxa4 29. Rxa4 Rxd1 30. Nxd3 Rxd2 31. a6 Bd4 32. Kxg4 Rxd3 33. a7 Bxa7 34. Rxa7 Rb3 35. Rd7 Rxb2 36. Rxd5 Rxh2 37. Rc5 Rg2+ 38. Kf4 Rh2 39. Rc7 h6 40. Ke5 Rh3 41. f4 Ra3 42. Rxc4 Ra5+ 43. Kf6 Ra6+ 44. Ke5 h5 45. Rc7 Rb6 46. Ra7 h4 47. Ra3 Kg7 48. Rh3 Rb5+ 49. Ke4 g5 50. fxg5 Kg6 51. Kf3 Kxg5 52. Kg2 Kg4 53. Ra3 1/2-1/2